| 000 | 01255nam a2200277 4500 | ||
|---|---|---|---|
| 001 | 0000017039 | ||
| 003 | CO-CtgCURN | ||
| 005 | 20250828182009.0 | ||
| 008 | 160627s1993 000 0 eng d | ||
| 020 | _a8425216184 | ||
| 040 |
_aCO-CtgCURN _bspa _ccoctgcurn |
||
| 082 | 0 |
_a720.946 _bD628r |
|
| 100 | 1 | _aDrew, Philip. | |
| 245 | 1 | 3 |
_aLa realidad del espacio : _barquitectura de Martorell, Bohigas, Mackay, Puigdomenech / _cPhilip Drew. |
| 260 |
_aBarcelona : _bEditorial Gustavo Gili, _c1993. |
||
| 300 | _a224 p. | ||
| 336 | _2rdacontent | ||
| 337 |
_2rdamedia _asin mediacion _bn |
||
| 338 |
_2rdacarrier _avolumen _bnc |
||
| 504 | _aIncluye bibliografia. | ||
| 505 | 8 | _aUna arquitectura con raices.--Despejando la niebla.--Traduciendo la tradicion.--Mirando en mas de una dirección.--Fidelidad al estilo.--Despues de Franco.--Rejuveneciendo Barcelona.--El horizonte de 1992.--Viviendas unifamiliares.--Edificios de viviendas.--Escuelas y bibliotecas.--Edificios industriales y comerciales.--Arquitectura religiosa.--areas urbanas y parques | |
| 600 | 1 | 0 |
_aMartorell, Josep _xObra arquitectonica. |
| 908 | _a160627 | ||
| 942 |
_cBK _h720.946 _iD628r _2ddc |
||
| 999 |
_c49875 _d49875 _x1 |
||